Синтаксис, Практическое пособие по русскому языку как иностранному

গ্রন্থ-পঞ্জীর বিবরন
অন্যান্য লেখক: И. С. Иванова (340), Л. М. Карамышева, Т. Ф. Куприянова, М. Г. Мирошникова, А. В. Голубевой
সংক্ষিপ্ত:Книга не входит в премиум-версию платформы «Русский как иностранный».
Пособие предназначено для систематической работы в группах иностранных учащихся по программе первого уровня ТРКИ под руководством преподавателя, но может использоваться и на более высоких уровнях. Пособие включает теоретическую (комментарии и таблицы) и практическую (задания сопоставительного, языкового и речевого характера) части. Каждую тему завершают тексты, взятые из произведений художественной литературы, из газетных и журнальных статей.
Гарантированный срок размещения на платформе до 01.07.2026 (автопролонгация)
প্রকাশিত: Санкт-Петербург, Златоуст, 2019
সংস্করন:Синтаксис
বিষয়গুলি:
অনলাইন ব্যবহার করুন:Перейти к просмотру издания
বিন্যাস: MixedMaterials বৈদ্যুতিক

MARC

LEADER 00000 a2200000 4500
001 RU/ROS-EDU.RU/81452
856 4 |u https://www.ros-edu.ru/book?id=81452  |z Перейти к просмотру издания 
010 |a 978-5-86547-470-8 
205 |a Синтаксис  |b 2026-07-01 
333 |a Гарантированный срок размещения на платформе до 01.07.2026 (автопролонгация) 
100 |a 20190101d2019 |||y0rusy0250   |s 2026-07-01 
105 |a y z 000zy 
101 0 |a rus 
102 |a RU 
200 1 |a Синтаксис  |b Электронный ресурс  |e Практическое пособие по русскому языку как иностранному  |f И. С. Иванова [и др.]  |g ред. А. В. Голубевой 
701 1 |b И. С.  |a Иванова  |4 070 
701 1 |b Л. М.  |a Карамышева  |4 070 
701 1 |b Т. Ф.  |a Куприянова  |4 070 
701 1 |b М. Г.  |a Мирошникова  |4 070 
702 1 |b А. В.  |a Голубевой  |4 340 
330 |a Пособие предназначено для систематической работы в группах иностранных учащихся по программе первого уровня ТРКИ под руководством преподавателя, но может использоваться и на более высоких уровнях. Пособие включает теоретическую (комментарии и таблицы) и практическую (задания сопоставительного, языкового и речевого характера) части. Каждую тему завершают тексты, взятые из произведений художественной литературы, из газетных и журнальных статей. 
210 |a Санкт-Петербург  |c Златоуст  |d 2019 
610 1 |a русский язык 
610 1 |a грамматика 
610 1 |a синтаксис 
610 1 |a текст 
610 1 |a предложение 
675 |a 811 
686 |a 81.2  |2 rubbk 
300 |a Книга не входит в премиум-версию платформы «Русский как иностранный». 
215 |a 364 с.